000 00854nam0a22002651 4500
001 rc\4257857
005 20130416115206.5
021 _aRU
_b[57-35112]
035 _a(NLR Aleph) 008480254
090 _a7985679
_c7985679
100 _a20130416d1957 |||y0rusy50 ba
101 0 _arus
102 _aRU
105 _aa j |||||
200 1 _aEnglish
_eУчебник англ. яз.
_eДля 7 класса сред. школы
210 _aМосква
_cУчпедгиз
_d1957
215 _a183 с.
_cил.
_d22
606 _aАнглийский язык
_jУчебники и пособия
_2psbo
700 1 _aБелова
_bЕ. В.
_gЕлена Васильевна
701 1 _aТодд
_bЛ. Р.
_gЛуиза Робертовна
801 0 _aRU
_bNLR
_gpsbo
801 1 _aRU
_bELAR
_2rusmarc
852 _aNLR
_j57-5/2681
942 _cBOOK
980 _aNB